Central Library OPAC University of Rajshahi
Normal view MARC view

Entry Personal Name

Number of records used in: 1

001 - CONTROL NUMBER

  • control field: 11181

003 - CONTROL NUMBER IDENTIFIER

  • control field: BD-RjUL

005 - DATE AND TIME OF LATEST TRANSACTION

  • control field: 20240128140340.0

008 - FIXED-LENGTH DATA ELEMENTS

  • fixed length control field: 240128|| aca||aabn | a|a d

040 ## - CATALOGING SOURCE

  • Original cataloging agency: BD-RjUL
  • Transcribing agency: BD-RjUL

100 ## - HEADING--PERSONAL NAME

  • Personal name: Dārā Shikūh, ‏دارا شكوه.Sayyid Makhdūm. Rahīn
  • Titles and other words associated with a name: Prince, son of Shahjahan, Emperor of India,
  • Dates associated with a name: 1615-1659

670 ## - SOURCE DATA FOUND

  • Source citation: Work cat.: (BD-RjUL)82817: Dārā Shikūh, ‏دارا شكوه.Sayyid Makhdūm. Rahīn Prince, son of Shahjahan, Emperor of India, 1615-1659., Ḥasanāt al-ʻārifīn /‏حسنات العارفين /‏ /, 1352 [1973 or 1974]